| 000 | 00928nam a2200229Ii 4500 | ||
|---|---|---|---|
| 003 | JO-AjNU | ||
| 008 | 230605s9999||||xx |||||||||||||| ||und|| | ||
| 017 | _a2019/11504 | ||
| 020 | _a978-977-841-109-6 | ||
| 040 |
_aJO-AjNU _bara _erda _cJO-AjNU |
||
| 041 | _aara | ||
| 050 | 1 | 4 | _aKMC235.2020 |
| 100 | 3 |
_aحمزة، فراس عبدالرزاق، م.مشارك سرى معاذ احمد حميد, _eauthor _961808 |
|
| 245 | 0 | 0 | _aسلطة صاحب العمل في انهاء عقد العمل غير محدد المدة |
| 250 | _aالطبعة الاولى | ||
| 264 | 3 | 1 | _aالقاهرة: المركز العربي للنشر والتوزيع، 2020 |
| 300 |
_a342ص _b ويحتوي على قائمة مراجع وببلوغرافيا من ص301-ص342 |
||
| 336 |
_atext _btxt _2rdacontent |
||
| 337 |
_aunmediated _bn _2rdamedia |
||
| 338 |
_avolume _bnc _2rdacarrier |
||
| 650 | 4 |
_aالعقود-عقد العمل _961809 |
|
| 999 |
_aA27957 _c31525 _d31525 |
||